000 00641caa a22001812a 4500
001 005032
003 AR-FADEU
008 311216n########xxu####################dd
092 _a401.931
_bC536
100 _aSachs, Jacqueline
245 _aYoung children's use of age-appropriate speech styles in social interaction and role-playing
300 _aPP. 216-229
500 _aEn: Child language /ed. Margery B. Franklin. New York : Oxford University, 1988
700 _aJudith, Devin
546 _aInglés
942 _cBDGR
773 0 _010836
_99777
_a
_b
_dNew York
_o02917
_tCHILD Language : a reader
_w( AR-FADEU) 005014
_x
_z0-19-504333-2
999 _c10854
_d10854